|
|
|
|
| LEADER |
00765cam a2200217 7i4500 |
| 001 |
0000036985 |
| 005 |
20221017090000.0 |
| 008 |
221013t2022 eng |
| 020 |
# |
# |
|a 9781119844631
|
| 040 |
# |
# |
|a MATR
|
| 090 |
0 |
0 |
|a B 658.8
|b EST
|
| 100 |
1 |
# |
|a Estes, Janelle
|e author
|
| 245 |
1 |
0 |
|a USER TESTED :
|b HOW THE WORLD'S TOP COMPANIES USE HUMAN INSIGHT TO CREATE GREAT EXPERIENCES
|c Janelle Estes and Andy MacMillan.
|
| 260 |
# |
# |
|a Hoboken, New Jersey:
|b John WIley & Sons,
|c 2022.
|
| 300 |
# |
# |
|a xx, 215 pages:
|b illustrations;
|c 23 cm.
|
| 336 |
# |
# |
|a text
|2 rdacontent
|
| 337 |
# |
# |
|a unmediated
|2 rdamedia
|
| 338 |
# |
# |
|a volume
|2 rdacarrier
|
| 650 |
# |
0 |
|a Customer relations
|
| 700 |
1 |
# |
|a MacMillan, Andy
|
| 999 |
|
|
|a B000041955
|b Book
|c Book
|e Business Information Centre
|